| 000 -LEADER |
| fixed length control field |
nam a22 a 4500 |
| 003 - CONTROL NUMBER IDENTIFIER |
| control field |
AKMAL |
| 005 - DATE AND TIME OF LATEST TRANSACTION |
| control field |
20170508153542.0 |
| 008 - FIXED-LENGTH DATA ELEMENTS--GENERAL INFORMATION |
| fixed length control field |
170508s2005 my | e l 000 0 may d |
| 020 ## - INTERNATIONAL STANDARD BOOK NUMBER |
| International Standard Book Number |
9678915685 (pbk.) : |
| Terms of availability |
RM29.50 |
| 040 ## - CATALOGING SOURCE |
| Original cataloging agency |
AKMAL |
| 082 04 - DEWEY DECIMAL CLASSIFICATION NUMBER |
| Classification number |
345.5950277 UND |
| Edition number |
22 |
| 090 00 - LOCALLY ASSIGNED LC-TYPE CALL NUMBER (OCLC); LOCAL CALL NUMBER (RLIN) |
| Classification number (OCLC) (R) ; Classification number, CALL (RLIN) (NR) |
345.5950277 |
| Local cutter number (OCLC) ; Book number/undivided call number, CALL (RLIN) |
UND |
| 110 1# - MAIN ENTRY--CORPORATE NAME |
| Corporate name or jurisdiction name as entry element |
Malaysia |
| 9 (RLIN) |
400 |
| 245 10 - TITLE STATEMENT |
| Title |
Undang-Undang Dadah Berbahaya : |
| Remainder of title |
(hingga 5hb Januari 2005) / |
| Statement of responsibility, etc. |
disusun oleh Lembaga Penyelidikan Undang-Undang |
| 260 ## - PUBLICATION, DISTRIBUTION, ETC. |
| Place of publication, distribution, etc. |
Petaling Jaya : |
| Name of publisher, distributor, etc. |
International Law Book Services , |
| Date of publication, distribution, etc. |
2005 |
| 300 ## - PHYSICAL DESCRIPTION |
| Extent |
265ms. ; |
| Dimensions |
24cm. |
| 650 10 - SUBJECT ADDED ENTRY--TOPICAL TERM |
| Topical term or geographic name entry element |
Drugs |
| General subdivision |
Law and legislation |
| Geographic subdivision |
Malaysia |
| 9 (RLIN) |
2109 |
| 650 20 - SUBJECT ADDED ENTRY--TOPICAL TERM |
| Topical term or geographic name entry element |
Narcotic laws |
| Geographic subdivision |
Malaysia |
| 9 (RLIN) |
2408 |
| 650 20 - SUBJECT ADDED ENTRY--TOPICAL TERM |
| Topical term or geographic name entry element |
Drugs of abuse |
| General subdivision |
Law and legislation |
| Geographic subdivision |
Malaysia |
| 9 (RLIN) |
2409 |
| 710 2# - ADDED ENTRY--CORPORATE NAME |
| Corporate name or jurisdiction name as entry element |
Lembaga Penyelidikan Undang-Undang |
| 9 (RLIN) |
2410 |
| 710 1# - ADDED ENTRY--CORPORATE NAME |
| Corporate name or jurisdiction name as entry element |
Malaysia. |
| Title of a work |
Akta Dadah Berbahaya, 1952 (Akta 234) & Peraturan-peraturan terpilih |
| 9 (RLIN) |
2411 |
| 710 1# - ADDED ENTRY--CORPORATE NAME |
| Corporate name or jurisdiction name as entry element |
Malaysia. |
| Title of a work |
Akta Dadah Berbahaya [Perlucuthakan Harta], 1988 (Akta 340) |
| 9 (RLIN) |
2412 |
| 710 1# - ADDED ENTRY--CORPORATE NAME |
| Corporate name or jurisdiction name as entry element |
Malaysia. |
| Title of a work |
Akta Dadah Berbahaya [Langkah-langkah Pencegahan Khas], 1985 (Akta 316) & Kaedah-kaedah |
| 9 (RLIN) |
2413 |
| 710 1# - ADDED ENTRY--CORPORATE NAME |
| Corporate name or jurisdiction name as entry element |
Malaysia. |
| Title of a work |
Akta Penagih Dadah [Rawatan dan Pemulihan] 1983 (Akta 283) |
| 9 (RLIN) |
2414 |
| 942 ## - ADDED ENTRY ELEMENTS (KOHA) |
| Source of classification or shelving scheme |
|
| Koha item type |
Book |